000 00611nam a22001937a 4500
008 160921b xxu||||| |||| 00| 0 eng d
020 _a0716743552
050 _aQA 39.3 .G47 2002
100 _aGersting, Judith L.
245 _aMathematics for Computer Science/
_cJudith L. Gersting
250 _a5th ed.
260 _aNew York:
_bW.H. Freeman and Company;
_c2002
300 _axix, 729p. :
_bill. ;
_c20cm
500 _aIncludes index
650 _aMathematics
650 _aMathematical models
650 _aComputer science
_xMathematics
942 _2lcc
_cBOOKS
_hQA 39.3 .G47 2002
_02
999 _c13969
_d13969